| 000 | 01165naa a22003017a 4500 | ||
|---|---|---|---|
| 001 | BR7806538 | ||
| 003 | BR-BrBNA | ||
| 005 | 20240918174231.0 | ||
| 007 | ta | ||
| 008 | 230509b bl.||||| |||| 00| 0 por d | ||
| 040 |
_aBR-BrBNA _bpor _cBiblioteca Nacional de Agricultura |
||
| 041 | _a(Pt) | ||
| 072 |
_aF30; H20 _b2120 _bG514 |
||
| 090 | _aF30 BR7806538 | ||
| 100 | 1 | _aReis, A.J. | |
| 111 | 1 |
_a6. Congresso Brasileiro de Pesquisas Cafeeiras _cRibeirao Preto, SP (Brazil) _d24 Oct 1978 |
|
| 245 | 1 | _aObservacoes sobre Coffea canephora cv. Guarini em Ribeirao Preto [cafe, ferrugem, variedade resistente, Sao Paulo, Brasil] | |
| 260 | 3 |
_aRio de Janeiro, RJ (Brasil): _c1978. |
|
| 500 | _aResumos do 6. Congresso Brasileiro de Pesquisas Cafeeiras Rio de Janeiro, RJ (Brasil): 1978. p. 40-41 (BR7806538-AM)F30 | ||
| 650 | _aCAFE | ||
| 650 | _aFERRUGEM ALARANJADA | ||
| 650 | _aVARIEDADE RESISTENTE | ||
| 650 | _aRIBEIRAO PRETO | ||
| 650 | _aSAO PAULO | ||
| 773 | 0 |
_tResumos do 6. Congresso Brasileiro de Pesquisas Cafeeiras _wF30 BR7806538 _gRio de Janeiro, RJ (Brasil), 1978. p. 40-41 |
|
| 909 |
_a202404 _bLucia _c55 _dLucia Elande |
||
| 942 |
_cAM _2AGRIS |
||
| 999 |
_c309770 _d309770 |
||